Asphalt 8 Original Cars - Statistics

General Stats
  • This quiz has been taken 15 times
  • The average score is 22 of 47
Answer Stats
Make Class Model % Correct
Dodge D Dart GT
89%
Scion D FR-S
89%
Ferrari B 458 Italia
78%
Koenigsegg S Agera R
78%
Tesla D Model S
78%
Nissan D 370Z
67%
Cadillac D ATS
67%
Audi D R8 e-tron
67%
GTA S Spano
67%
Lamborghini C Urus
67%
Lamborghini S Veneno
67%
Chevrolet A Corvette C7
56%
Ford B Shelby GT500
56%
Mercedes-Benz S Silver Lightning
56%
Aston Martin B V12 Vantage
56%
Cadillac D XTS
56%
Pagani A Zonda R
56%
Alfra Romeo C 8C Competizione
44%
Marussia A B2
44%
Lamborghini B Countach 25th Anniversary
44%
Cadillac A CTS-V Coupe Race Car
44%
Aston Martin B DB9 Coupe
44%
Ford C Focus RS
44%
Ferrari S FXX Evoluzione
44%
Nissan B GTR (R35)
44%
Audi C RS 3 Sportback
44%
Audi D S4
44%
Mercedes-Benz A SL 65 AMG Black Series
44%
Citroen B Survolt
44%
Aston Martin B V12 Zagato
44%
Dodge A Viper SRT10 ACR-X
44%
Chevrolet C Camaro GS
33%
Bentley B Continental GT V8
33%
RUF S CTR 3
33%
Ferrari A F12berlinetta
33%
Infiniti C FX50
33%
Alfa Romeo D MiTo GTA
33%
Audi C RS 4 Avant
33%
RUF A RT 12 S
33%
Lamborghini A Sesto Elemento
33%
Mini Cooper D S Roadster
33%
Audi C TTS Coupe
33%
Bugatti S 16.4 Grand Sport Vitesse
22%
Lotus C Exige S Roadster
22%
Maserati B GranTurismo Sport
22%
McLaren A MP4-12C Spider
22%
Mercedes-Benz C SLS AMG Electric Drive
22%
No matching quizzes found
Score Distribution
Percent of People with Each Score
Percentile by Number Answered
Your Score History
You have not taken this quiz